Nueva evangelización y vida religiosa

Saved in:
Bibliografiske detaljer
Hovedforfatter: Juan Pablo II (Author)
Format: Bog
Sprog:spansk
Udgivet: Santiago Arzobispado de Santiago 1990
Serier:Documentos para la nueva evangelización, 6
Fag:
Tags: Tilføj Tag
Ingen Tags, Vær først til at tagge denne postø!

MARC

LEADER 00000nam a2200000 a 4500
001 UCX1482
003 CL-VaPUC
008 900829e19900000CL |||||||||||||||||spa|d
082 0 4 |a 253.7  |b JUA  |2 21 
100 |a Juan Pablo II  |e author  |9 309920 
245 1 0 |a Nueva evangelización y vida religiosa 
300 |a 24 p 
942 |c BK 
945 |d 19900829 00:00:00 
260 |a Santiago  |b Arzobispado de Santiago  |c 1990 
650 7 |a EVANGELIZACION  |2 CL-VaPUC  |9 316986 
583 |a last modification  |c 19900829 00:00:00  |k Rodrigo Vera 
490 0 |a Documentos para la nueva evangelización, 6 
999 |c 222703  |d 222701 
952 |0 0  |1 0  |4 0  |6 253_700000000000000_JUA_1990  |7 0  |8 A  |9 217831  |a BIBTEO  |b BIBTEO  |d 2019-11-15  |i 2866803  |o 253.7 JUA 1990  |p 2866803  |r 2025-01-17  |w 2019-11-15  |y BK  |k ICR